| 000 | 00379nam a22001337a 4500 | ||
|---|---|---|---|
| 003 | SGT | ||
| 082 |
_a347 _bKRI |
||
| 100 | _aKRISHNAMURTHI K | ||
| 245 |
_aTHE INDIAN STAMP ACT _bAN EXHAUSTIVE COMMENTARY ON THE INDIAN STAMP ACT 1899 WITH STATE AMENDMENTS RULES AND NOTIFICATIONS |
||
| 250 | _a7 | ||
| 260 |
_aNAGPUR _bWADHWA AND COMPANY _c1997 |
||
| 300 | _a1592 | ||
| 942 |
_2ddc _cBK |
||
| 999 |
_c32848 _d32848 |
||